| 000 | 00753nam a2200145Ia 4500 | ||
|---|---|---|---|
| 008 | 090124s9999 xx 000 0 und d | ||
| 082 | _b34206 | ||
| 245 | _a कौटिलीय अर्थशास्त्र आणि आधुनिक भारतीय अर्थव्यवस्था | ||
| 250 | _a1 | ||
| 260 |
_bकुलकर्णी कल्याण श्रीपाद _c2007 |
||
| 300 | _a160 | ||
| 630 | _a कौटिलीय अर्थशास्त्र आणि आधुनिक भारतीय अर्थव्यवस्था | ||
| 730 | _a कौटिलीय अर्थशास्त्र आणि आधुनिक भारतीय अर्थव्यवस्था | ||
| 942 | _cBOOK | ||
| 999 |
_c196890 _d196890 |
||